Poemas
Wedi'i Gadw mewn:
| Prif Awdur: | |
|---|---|
| Fformat: | Llyfr |
| Iaith: | Undetermined |
| Cyhoeddwyd: |
Lima, Perú
Centro de Estudios Brasileños
1979
|
| Pynciau: | |
| Tagiau: |
Ychwanegu Tag
Dim Tagiau, Byddwch y cyntaf i dagio'r cofnod hwn!
|
MARC
| LEADER | 00000nam a2200000Ia 4500 | ||
|---|---|---|---|
| 008 | 170316s9999 xx 000 0 und d | ||
| 040 | |a cru BVZT | ||
| 090 | |a 869 M-4p | ||
| 100 | |a Melo Neto, Joao Cabral de | ||
| 245 | |a Poemas | ||
| 260 | |a Lima, Perú | ||
| 260 | |b Centro de Estudios Brasileños | ||
| 260 | |c 1979 | ||
| 300 | |a 91 páginas | ||
| 650 | |a LITERATURA BRASILEÑA | ||
| 999 | |c 11708 |d 11708 | ||
| 942 | |c 15 D |h 869 M-4p |2 z | ||
